000 00558cam a2200205ua 4500
001 318
008 110329n ii |||gr||||Z||||||eng
020 _a61-7339-367-2
040 _cMAIN
082 _a320.1
245 _aFundamentals of political science and organization.
_cBy Gurmukh Nishal Singh.
250 _a1st.
260 _aAllahabad.:
_bKitab mahal.,966.
300 _ax, 350p.:
_c25cm.
653 _aSociology
653 _aIndian social system
653 _aBharatiya samaj paddhati
700 _aSingh, Gurmukh Nishal.,
_eAuthor.
942 _cBK
999 _c269
_d269